| 000 | 00583nam a2200169 a 4500 | ||
|---|---|---|---|
| 005 | 20140310183510.0 | ||
| 008 | 101011s19uu xx 00 eng d | ||
| 020 | _a978143380743 | ||
| 050 |
_aRC 554 _b.Ev94 2010 |
||
| 245 |
_aEvidence-based treatment of personality dysfunction : _bprinciples, methods, and processes / _cedited by Jeffrey J. Magnavita. |
||
| 260 |
_aWashington, DC : _bAmerican Psychologiocal Association, _c2010. |
||
| 300 |
_a322 p. : _c26 cm. |
||
| 521 | _aEDU | ||
| 650 | _aPersonality-disorders-Parents-Treatment. | ||
| 942 |
_cBK _2lcc _kFOR |
||
| 999 |
_c24165 _d24165 |
||